01174nam a2200193Ia 4500001001000000003001000010008004100020040002500061041001300086100003700099245005000136250001100186260009200197300002800289500026000317501011400577520026000691650002900951L232-6580IT-CnALBA170116s9999||||xx |||||||||||||| ||und|| aIT-CnALBAcIT-CnALBA aITALIANO aCREMONA CARLO, PADRE AGOSTINIANO 0aSETTE PAROLE. L'ULTIMO TESTAMENTO DI GESÙ.  a1a ed. aMILANObPROPAGANDA LIBR. ISTITUTO, IPL. c1958 [1° Ed.:1958 - Ed.Ling.Originale: 1958] a110 p. (prefazione: 78) aTAVOLE FUORI TESTO. SALVEZZA DI CRISTO. BARABBA E IL CROCIFISSO. PERDONO DI GESÙ. PROMESSA DEL PARADISO AL BUON LADRONE. DONO DELLA MADRE. ABBANDONO DI DIO. SETE DI GESÙ. COMPIMENTO DELL'OPERA. RACCOMANDAZIONE AL PADRE. PREGHIERA A GESÙ CROCIFISSO.  aSocietà San Paolo EM - Piazza San Paolo, 14 - 12051 ALBA (CN) (non commercial uses only) ® Copyright 2017 aTAVOLE FUORI TESTO. SALVEZZA DI CRISTO. BARABBA E IL CROCIFISSO. PERDONO DI GESÙ. PROMESSA DEL PARADISO AL BUON LADRONE. DONO DELLA MADRE. ABBANDONO DI DIO. SETE DI GESÙ. COMPIMENTO DELL'OPERA. RACCOMANDAZIONE AL PADRE. PREGHIERA A GESÙ CROCIFISSO.  aVITA E MISTERO DI CRISTO